The Government response to the Rita Donaghy report (Record no. 110593)

MARC details
000 -LEADER
fixed length control field 01098cad a22002295a 4500
001 - CONTROL NUMBER
control field E149666
008 - FIXED-LENGTH DATA ELEMENTS--GENERAL INFORMATION
fixed length control field 100406s2010 xxk f f000 0 eng d
020 ## - INTERNATIONAL STANDARD BOOK NUMBER
International Standard Book Number 9780101782821
035 ## - SYSTEM CONTROL NUMBER
System control number (Sirsi) u149666
041 0# - LANGUAGE CODE
Language code of text/sound track or separate title eng
110 2# - MAIN ENTRY--CORPORATE NAME
Corporate name or jurisdiction name as entry element United Kingdom
Subordinate unit Department for Work and Pensions
9 (RLIN) 5352
245 04 - TITLE STATEMENT
Title The Government response to the Rita Donaghy report
Remainder of title one death is too many, inquiry into the underlying causes of construction fatal accidents
Medium [electronic resource]
260 ## - PUBLICATION, DISTRIBUTION, ETC.
Place of publication, distribution, etc. Kew
Name of publisher, distributor, etc. OPSI
Date of publication, distribution, etc. 2010
490 #0 - SERIES STATEMENT
Series statement Cm
Volume/sequential designation 7828
520 ## - SUMMARY, ETC.
Summary, etc. Presents the Government's response to the recommendations made as a result of an inquiry into the causes of fatal accidents in the construction industry, which was carried out by Rita Donaghy at the behest of the Secretary of State for Work and Pensions (see E149665).
521 ## - TARGET AUDIENCE NOTE
Target audience note Advanced
590 ## - LOCAL NOTE (RLIN)
Local note KA
651 #4 - SUBJECT ADDED ENTRY--GEOGRAPHIC NAME
Geographic name United Kingdom
Chronological subdivision
690 ## - LOCAL SUBJECT ADDED ENTRY--TOPICAL TERM (OCLC, RLIN)
Topical term or geographic name as entry element Health and safety
9 (RLIN) 6244
856 40 - ELECTRONIC LOCATION AND ACCESS
Uniform Resource Identifier <a href="https://www.gov.uk/government/publications/the-governments-response-to-the-rita-donaghy-report">https://www.gov.uk/government/publications/the-governments-response-to-the-rita-donaghy-report</a>
Public note View the report free of charge at www.gov.uk
942 ## - ADDED ENTRY ELEMENTS (KOHA)
Suppress in OPAC 0
Holdings
Withdrawn status Lost status Source of classification or shelving scheme Damaged status Not for loan Home library Current library Shelving location Date acquired Total Checkouts Full call number Barcode Date last seen Copy number Price effective from Koha item type
    Dewey Decimal Classification     Virtual Virtual Online 06/04/2010   ONLINE PUBLICATION 149666-2001 06/08/2019 1 06/08/2019 Book